Лазерное дистанционное зондирование растительности / (Record no. 35954)
[ view plain ]
| 000 -LEADER | |
|---|---|
| fixed length control field | 01150nam a2200265 a 4500 |
| 001 - CONTROL NUMBER | |
| control field | 000110347 |
| 003 - CONTROL NUMBER IDENTIFIER | |
| control field | AM-YEHGA |
| 005 - DATE AND TIME OF LATEST TRANSACTION | |
| control field | 20250617122355.0 |
| 008 - FIXED-LENGTH DATA ELEMENTS--GENERAL INFORMATION | |
| fixed length control field | 970708s1987 ru ||||| |||| 00| 0 rus d |
| 040 ## - CATALOGING SOURCE | |
| Original cataloging agency | AM-YeHGA |
| 041 0# - LANGUAGE CODE | |
| Language code of text/sound track or separate title | rus |
| 090 ## - LOCALLY ASSIGNED LC-TYPE CALL NUMBER (OCLC); LOCAL CALL NUMBER (RLIN) | |
| -- | 36486 |
| 245 00 - TITLE STATEMENT | |
| Title | Лазерное дистанционное зондирование растительности / |
| Statement of responsibility, etc. | [К.Я. Кондратьев, В.А. Каневский, Ю.К. Росс и др.] ; АН СССР, Гл. астрон. обсерватория. |
| 246 31 - VARYING FORM OF TITLE | |
| Title proper/short title | Lazer remote sensing of vegetation |
| 260 ## - PUBLICATION, DISTRIBUTION, ETC. | |
| Place of publication, distribution, etc. | Ленинград : |
| Name of publisher, distributor, etc. | ГАО, |
| Date of publication, distribution, etc. | 1987. |
| 300 ## - PHYSICAL DESCRIPTION | |
| Extent | 169 с. : |
| Other physical details | ил. ; |
| Dimensions | 22 см. |
| 500 ## - GENERAL NOTE | |
| General note | Авт. указаны на обороте тит. л. |
| 504 ## - BIBLIOGRAPHY, ETC. NOTE | |
| Bibliography, etc. note | Библиогр.: с. 159-168 |
| 650 14 - SUBJECT ADDED ENTRY--TOPICAL TERM | |
| Topical term or geographic name entry element | Растительность |
| General subdivision | Исследование |
| Form subdivision | Лазерные методы |
| 700 1# - ADDED ENTRY--PERSONAL NAME | |
| Personal name | Кондратьев, Кирилл Яковлевич |
| 700 1# - ADDED ENTRY--PERSONAL NAME | |
| Personal name | Каневский, В.А. |
| 700 1# - ADDED ENTRY--PERSONAL NAME | |
| Personal name | Росс, Ю.К. |
| 710 2# - ADDED ENTRY--CORPORATE NAME | |
| Corporate name or jurisdiction name as entry element | Главная астрономическая обсерватория АН СССР |
| 942 ## - ADDED ENTRY ELEMENTS (KOHA) | |
| Source of classification or shelving scheme | Universal Decimal Classification |
| Koha item type | Գրքեր / Books |
| Withdrawn status | Lost status | Source of classification or shelving scheme | Damaged status | Not for loan | Collection | Home library | Current library | Date acquired | Total checkouts | Full call number | Barcode | Date last seen | Price effective from | Koha item type | Public note |
|---|---|---|---|---|---|---|---|---|---|---|---|---|---|---|---|
| Universal Decimal Classification | General | Fundamental Scientific Library | Fundamental Scientific Library | 21/12/2016 | PII/624887 | 120624887 | 21/12/2016 | 21/12/2016 | Գրքեր / Books | 30 Days Loan | |||||
| Universal Decimal Classification | General | Fundamental Scientific Library | Fundamental Scientific Library | 21/12/2016 | PII/624888 | 120624888 | 21/12/2016 | 21/12/2016 | Գրքեր / Books | 30 Days Loan | |||||
| Universal Decimal Classification | General | Fundamental Scientific Library | Fundamental Scientific Library | 21/12/2016 | PII/581470 | FL0088788 | 21/12/2016 | 21/12/2016 | Գրքեր / Books | 30 Days Loan |
ՀՀ Գիտությունների ազգային ակադեմիայի հիմնարար գիտական գրադարան = Fundamental Scientific Library of NAS RA
All site content, except where otherwise noted, is licensed under a